000 00394 a2200109 4500
001 ART_28224
005 20260410161818.0
008 260409a
245 1 0 _aLa sentencia de la Corte Suprema de la India en el caso Novartis
100 1 _aCorrea, Carlos MarĂ­a
773 0 _tRevista Juridica de Buenos Aires
_gTendencias actuales en propiedad intelectual (ene. 2013)
_wREV4315
999 _c22043
_d22043